书目信息 |
| 题名: |
欧文文集(上)
|
|
| 作者: | 王义国 译 | |
| 分册: | ||
| 出版信息: | 北京 中国广播电视出版社 |
|
| 页数: | 438页 | |
| 开本: | 32开 | |
| 丛书名: | ||
| 单 册: | ||
| 中图分类: | I712.14 | |
| 科图分类: | ||
| 主题词: | 文学 | |
| 电子资源: | ||
| ISBN: | 7-5043-3213-5 | |
| 000 | 00526nam0 2200193 45 | |
| 001 | 0008051271 | |
| 005 | 20000805123518.9 | |
| 010 | @a7-5043-3213-5@d19.00元 | |
| 100 | @a20000805d km y0chiy0120 ea | |
| 101 | 0 | @achi |
| 105 | @a z 000yy | |
| 200 | 1 | @a欧文文集(上)@AOu Wen Wen Ji(Shang)@f王义国译@FWang Yi Guo Yi |
| 210 | @a北京@c中国广播电视出版社 | |
| 215 | @a438页@d32开 | |
| 606 | 0 | @a文学 |
| 690 | @aI712.14@v3 | |
| 701 | 0 | @a王义国@4译 |
| 801 | @aCN@bPftUser@c20000805 | |
| 905 | @b89166-168@dI712.14@eO.229:1@f3 | |
| 欧文文集(上)/王义国译.-北京:中国广播电视出版社 |
| 438页;32开 |
| ISBN 7-5043-3213-5:19.00元 |
| ● |
| 相关链接 |
|
|
|
正题名:欧文文集(上)
索取号:I712.14/O.229:1
 
预约/预借
| 序号 | 登录号 | 条形码 | 馆藏地/架位号 | 状态 | 备注 |
| 1 | 89166 | 200891669 | 文学库116/116文学库 25排4列2层/ [索取号:I712.14/O.229:1] | 在馆 | |
| 2 | 89167 | 200891678 | 文学库116/116文学库 25排4列2层/ [索取号:I712.14/O.229:1] | 在馆 | |
| 3 | 89168 | 200891687 | 社科二线422/422社科库 2排1列5层/ [索取号:I712.14/O.229:1] | 在馆 |